Los repartimentos de Rabi Jaco Aben Nuñes / (Record no. 39786)

MARC details
000 -LEADER
campo de control de longitud fija 00733nam a2200205 i 4500
001 - NÚMERO DE CONTROL
campo de control 39786
003 - IDENTIFICADOR DE NÚMERO DE CONTROL
campo de control ES-MaACL
005 - FECHA Y HORA DE LA ÚLTIMA TRANSACCIÓN
campo de control 20230906160100.0
007 - CAMPO FIJO DE DESCRIPCIÓN FÍSICA--INFORMACIÓN GENERAL
campo de control de longitud fija t|
008 - DATOS DE LONGITUD FIJA--INFORMACIÓN GENERAL
campo de control de longitud fija 030304s1971 sp ||||1| spa d
100 1# - ENTRADA PRINCIPAL--NOMBRE DE PERSONA
Nombre de persona Cantera Burgos, Francisco.
9 (RLIN) 34642
245 14 - MENCIÓN DEL TÍTULO
Título Los repartimentos de Rabi Jaco Aben Nuñes /
Mención de responsabilidad, etc. Francisco Cantera Burgos ; [con la colaboración de Carlos Carrete].
260 ## - PUBLICACIÓN, DISTRIBUCIÓN, ETC.
Lugar de publicación, distribución, etc. [Madrid] :
Nombre del editor, distribuidor, etc. Instituto Arias Montano,
Fecha de publicación, distribución, etc. 1971.
300 ## - DESCRIPCIÓN FÍSICA
Extensión 39 p., 1 lám. ;
Dimensiones 24 cm.
595 ## -
-- Tirada aparte de: Sefarad, v. 31, p. 213-247.
650 #4 - PUNTO DE ACCESO ADICIONAL DE MATERIA--TÉRMINO DE MATERIA
Término de materia o nombre geográfico como elemento de entrada Judíos-
Subdivisión geográfica España-
Subdivisión general Historia-
Subdivisión cronológica S.XV.
9 (RLIN) 158485
700 1# - ENTRADA AGREGADA--NOMBRE PERSONAL
Nombre de persona Carrete Parrondo, Carlos.
9 (RLIN) 35709
710 2# - ENTRADA AGREGADA--NOMBRE DE ENTIDAD CORPORATIVA
Nombre de entidad corporativa o nombre de jurisdicción como elemento de entrada Instituto "Arias Montano"
9 (RLIN) 4797
852 4# - LOCALIZACIÓN
Ubicación ES-MaACL
Número de control de estantería 2084-F-20
Holdings
Estatus retirado Estado de pérdida Estado de daño No para préstamo Colección Biblioteca de origen Biblioteca actual Ubicación en estantería Fecha de adquisición Fuente de adquisición Total de préstamos Signatura topográfica completa Código de barras Visto por última vez Precio de reemplazo Tipo de ítem Koha
        Colección de folletos Biblioteca del Ateneo de Madrid Biblioteca del Ateneo de Madrid Depósito folletos 17/01/2008     2084-F-20 1041897 23/02/2023 23/02/2023 Folleto